Animals beginning with the letter B (pictures) - Statistics

General Stats
  • This quiz has been taken 524 times
  • The average score is 13 of 24
Answer Stats
Picture Answer % Correct
Bear
99%
Bee
91%
Bison
86%
Bat
85%
Beaver
85%
Bulldog
81%
Badger
80%
Bald Eagle
80%
Baboon
79%
Butterfly
79%
Beetle
72%
Bull
69%
Bumblebee
68%
Barracuda
66%
Boa
56%
Bobcat
55%
Bird-of-paradise
22%
Bandicoot
20%
Bongo
15%
Basilisk
14%
Binturong
13%
Buzzard
12%
Babirusa
7%
Barbet
3%
No matching quizzes found
Score Distribution
Percent of People with Each Score
Percentile by Number Answered
Your Score History
You have not taken this quiz